[Event "ch-LTU"]
[Site "Siauliai LTU"]
[Date "2007.05.12"]
[Round "10"]
[White "Labeckas,K"]
[Black "Malisauskas,V"]
[Result "1/2-1/2"]
[WhiteElo "2248"]
[BlackElo "2505"]

1.d4 Nf6 2.c4 g6 3.Nc3 d5 4.cxd5 Nxd5 5.e4 Nxc3 6.bxc3 Bg7 7.Bc4 c5 8.Ne2 Nc6
9.Be3 O-O 10.O-O Bg4 11.f3 Na5 12.Bd3 cxd4 13.cxd4 Be6 14.d5 Bxa1 15.Qxa1 f6
16.Qd4 Bf7 17.Bh6 Re8 18.Bb5 e5 19.Qf2 Re7 20.f4 Qb6 21.Qxb6 axb6 22.fxe5 Rxe5
23.Ng3 Be8 24.Bd3 f5 25.Bf4 fxe4 26.Bxe4 Re7 27.d6 Rd7 28.Bd5+ Bf7 29.Ne4 Bxd5
30.Nf6+ Kf7 31.Nxd7 Nc4 32.Bg3+ Kg7 33.Nf6 Bc6 34.d7 Rxa2 35.Ne8+ Kg8 36.Nf6+ Kg7
37.Ne8+ Kg8 38.Nf6+  1/2-1/2

[Event "Mitropa Cup Men"]
[Site "Szeged HUN"]
[Date "2007.05.14"]
[Round "7"]
[White "Bernasek,J"]
[Black "Borisek,J"]
[Result "1-0"]
[WhiteElo "2509"]
[BlackElo "2519"]

1.d4 Nf6 2.c4 g6 3.Nc3 d5 4.cxd5 Nxd5 5.e4 Nxc3 6.bxc3 Bg7 7.Bc4 c5 8.Ne2 O-O
9.O-O Nc6 10.Be3 Bd7 11.Rb1 Qc7 12.Bf4 Qc8 13.d5 Na5 14.Bd3 e5 15.Be3 f5
16.exf5 gxf5 17.Bg5 b6 18.Rc1 Qe8 19.Ng3 Nb7 20.Be2 Ba4 21.Qd2 Nd6 22.f4 e4
23.Nh5 Bh8 24.Bh6 Qg6 25.Bxf8 Kxf8 26.Kh1 Ke7 27.g4 fxg4 28.Ng3 Bf6 29.Bd1 Bb5
30.Re1 Kf8 31.Bc2 Re8 32.Nxe4 Nxe4 33.Qg2 Bc4 34.Rxe4 Rxe4 35.Bxe4 Qh5 36.d6 Be6
37.f5 Bd7 38.Bc6 Bxc6 39.Qxc6 Qxf5 40.d7 Kf7 41.Kg2 Qe6 42.Qxe6+ Kxe6 43.Rd1 Bd8
44.Kg3 h5 45.c4 b5 46.cxb5 c4 47.Rd4 c3 48.Rc4 Kxd7 49.Rxc3 Bc7+ 50.Rxc7+  1-0

[Event "ch-USA"]
[Site "Stillwater USA"]
[Date "2007.05.16"]
[Round "2"]
[White "Pruess,D"]
[Black "Movsisyan,M"]
[Result "1-0"]
[WhiteElo "2408"]
[BlackElo "2280"]

1.d4 Nf6 2.c4 g6 3.Nc3 d5 4.cxd5 Nxd5 5.e4 Nxc3 6.bxc3 Bg7 7.Nf3 c5 8.Rb1 O-O
9.Be2 Nc6 10.d5 Ne5 11.Nxe5 Bxe5 12.Qd2 Qa5 13.Rb3 Bd7 14.f4 Bg7 15.c4 Qc7
16.e5 a6 17.O-O b5 18.Rd1 b4 19.Rg3 a5 20.h4 a4 21.h5 Bf5 22.Bd3 Qd7 23.Qf2 Rac8
24.Rg5 Bxd3 25.Rxd3 Bh6 26.f5 Bxg5 27.Bxg5 f6 28.e6 Qe8 29.Bh6 g5 30.d6 exd6
31.Rxd6 b3 32.axb3 axb3 33.Bxf8 Qxf8 34.Rd7 Qe8 35.g4 Rd8 36.Qd2 Rxd7 37.Qxd7 Qb8
38.Qf7+ Kh8 39.Qxf6+ Kg8 40.Qxg5+ Kh8 41.Qf6+ Kg8 42.Qf7+ Kh8 43.Kg2 b2 44.h6 Qa8+
45.Kf2  1-0

[Event "25th Liechtenstein Open"]
[Site "Triesen LIE"]
[Date "2007.05.17"]
[Round "7"]
[White "Clery,N"]
[Black "Hort,V"]
[Result "1/2-1/2"]
[WhiteElo "2349"]
[BlackElo "2494"]

1.d4 Nf6 2.c4 g6 3.Nc3 d5 4.cxd5 Nxd5 5.e4 Nxc3 6.bxc3 Bg7 7.Bc4 c5 8.Ne2 cxd4
9.cxd4 Nc6 10.Be3 O-O 11.O-O Bg4 12.f3 Na5 13.Bd3 Be6 14.d5 Bxa1 15.Qxa1 f6
16.Qd4 Bf7 17.Bh6 Re8 18.Bb5 e5 19.Qf2 Re7 20.f4 Rc8 21.fxe5 Rxe5 22.Bd3 Nc4
23.Qxa7 Qb6+ 24.Qxb6 Nxb6 25.Be3 Nxd5 26.Bd4 Nb4 27.Bxe5 fxe5 28.Bb1 Bc4
29.Rc1 Bf7 30.Rf1 Bc4 31.Rc1 Rc6 32.Nc3  1/2-1/2

[Event "ch-USA"]
[Site "Stillwater USA"]
[Date "2007.05.18"]
[Round "4"]
[White "Krush,I"]
[Black "Kudrin,S"]
[Result "1/2-1/2"]
[WhiteElo "2464"]
[BlackElo "2556"]

1.d4 Nf6 2.c4 g6 3.Nc3 d5 4.cxd5 Nxd5 5.e4 Nxc3 6.bxc3 Bg7 7.Bc4 c5 8.Ne2 O-O
9.O-O Nc6 10.Be3 Bd7 11.Rb1 Qc7 12.Bf4 Qc8 13.Rc1 Rd8 14.d5 Ne5 15.Bxe5 Bxe5
16.f4 Bg7 17.Ng3 b5 18.Bd3 c4 19.Bb1 a5 20.Kh1 Qc5 21.Qf3 Be8 22.Rcd1 Qa3
23.e5 b4 24.Ne4 Rab8 25.f5 Bxe5 26.fxg6 hxg6 27.Qh3 Rb6 28.Ng5 Bg7 29.Bxg6 Rf6
30.Rxf6 exf6 31.Ne6 fxe6 32.Qxe6+ Kf8 33.d6 Qa4 34.Qe7+ Kg8 35.Qe6+ Kf8 36.Qe7+ Kg8
37.Qe6+  1/2-1/2

[Event "Capo d'Orso"]
[Site "Porto Mannu PAL"]
[Date "2007.05.20"]
[Round "2"]
[White "Potyavin,I"]
[Black "Ori,M"]
[Result "1-0"]
[WhiteElo "2046"]
[BlackElo "2129"]

1.d4 Nf6 2.c4 g6 3.Nc3 d5 4.cxd5 Nxd5 5.e4 Nxc3 6.bxc3 Bg7 7.Bc4 c5 8.Ne2 Nc6
9.Be3 O-O 10.O-O Bg4 11.f3 Na5 12.Bxf7+ Rxf7 13.fxg4 Rxf1+ 14.Kxf1 cxd4 15.Bxd4 e5
16.Be3 Qf6+ 17.Kg1 Rd8 18.Qa4 b6 19.Rd1 Rf8 20.Qd7 Qh4 21.Ng3 Kh8 22.g5 Nc4
23.Bc1 Rg8 24.Qe6 Na5 25.Rd7 a6 26.Rc7 h5 27.Qxg6 Qg4 28.Qxh5+ Qxh5 29.Nxh5 Bf8
30.Nf6 Rg7 31.Rc8 Rf7 32.Ba3  1-0

[Event "Capo d'Orso"]
[Site "Porto Mannu PAL"]
[Date "2007.05.22"]
[Round "4"]
[White "Mazzariol,O"]
[Black "Ori,M"]
[Result "1-0"]
[WhiteElo "2018"]
[BlackElo "2129"]

1.d4 Nf6 2.c4 g6 3.Nc3 d5 4.cxd5 Nxd5 5.e4 Nxc3 6.bxc3 Bg7 7.Bc4 c5 8.Ne2 O-O
9.Be3 Nc6 10.Rc1 cxd4 11.cxd4 Qa5+ 12.Kf1 Qa3 13.Rc3 Qd6 14.h4 h5 15.Qd2 e5
16.Bd5 Ne7 17.Bb3 Bd7 18.f4 exd4 19.Nxd4 Nc6 20.Nxc6 Qxd2 21.Ne7+ Kh7 22.Bxd2 Bxc3
23.Bxc3 Rad8 24.Nd5 Be6 25.Kf2 Rc8 26.Be5 b5 27.Rd1 Bg4 28.Nf6+ Kh6 29.Nxg4+ hxg4
30.Bf6 a5 31.Rd7 Rc6 32.Be7 Rfc8 33.Bg5+ Kh5 34.Rxf7 R6c7 35.Rxc7 Rxc7 36.e5 a4
37.Bd1 a3 38.e6 b4 39.e7 Rc8 40.Ba4 g3+ 41.Kxg3 b3 42.e8=Q  1-0

[Event "VII Mario Covas"]
[Site "Santos BRA"]
[Date "2007.05.23"]
[Round "5"]
[White "Mekhitarian,K"]
[Black "Fier,A"]
[Result "0-1"]
[WhiteElo "2416"]
[BlackElo "2499"]

1.d4 Nf6 2.c4 g6 3.Nc3 d5 4.cxd5 Nxd5 5.e4 Nxc3 6.bxc3 Bg7 7.Nf3 O-O 8.Rb1 c5
9.Be2 Nc6 10.d5 Ne5 11.Nxe5 Bxe5 12.Qd2 e6 13.f4 Bc7 14.O-O exd5 15.exd5 Ba5
16.Ba3 b6 17.Bf3 Qf6 18.Bb2 Bf5 19.Rbe1 Rae8 20.Re3 Bd7 21.Rxe8 Rxe8 22.d6 c4
23.g3 b5 24.Kg2 Bb6 25.Rd1 h5 26.Qd5 h4 27.Kh1 hxg3 28.Qg5 Qxg5 29.fxg5 Re3
30.Bd5 Re2  0-1

[Event "XXXVII Bosnia GM"]
[Site "Sarajevo BIH"]
[Date "2007.05.23"]
[Round "5"]
[White "Sokolov,Iv NED"]
[Black "Timofeev,Arty"]
[Result "1/2-1/2"]
[WhiteElo "2655"]
[BlackElo "2658"]

1.d4 Nf6 2.c4 g6 3.Nc3 d5 4.cxd5 Nxd5 5.e4 Nxc3 6.bxc3 Bg7 7.Be3 c5 8.Qd2 Qa5
9.Rc1 O-O 10.Nf3 Rd8 11.Bh6 cxd4 12.Bxg7 Kxg7 13.cxd4 Nc6 14.Qxa5 Nxa5 15.Kd2 Be6
16.d5 f5 17.Nd4 Bg8 18.f3 fxe4 19.fxe4 e6 20.Rc5 b6 21.Rc7+ Kf6 22.Nf3 exd5
23.e5+ Ke6 24.Ba6 Nc4+ 25.Kc3 Nxe5 26.Nd4+ Kf6 27.Rf1+ Kg5 28.Re1 Ng4 29.h3 Nf6
30.Re5+ Kh6 31.g4 Ne4+ 32.Kb4 Re8 33.Rxe8 Rxe8 34.Bb5 Rf8 35.h4 Nf2 36.Rxa7 Nxg4
37.Rb7 Rf4 38.Kc3 Rf6 39.Bc6 Ne5 40.Rxb6 Nxc6 41.a4 Nxd4 42.Rxf6 Nf5 43.a5 d4+
44.Kb4 Bd5 45.a6 Kh5 46.a7 d3 47.Kc3 Kxh4 48.Kxd3 Kg4 49.Kc3 Kg5 50.Rf8 h5
51.Rd8 Bb7 52.Rb8 Bf3 53.Kd2 h4 54.Rb3 Bd5 55.Ke1 Kg4 56.Kf2 h3 57.Rb4+ Kg5
58.Kg1 Kf6 59.Kh2 Ne7 60.Rb6+ Kf7 61.Rb8 Bg2 62.Rh8 Ke6 63.Rxh3 Nc8 64.Re3+ Kd6
65.Kxg2 Nxa7 66.Rg3 Nc6 67.Rxg6+ Kd5 68.Kg3 Ne5 69.Rg8 Ke4 70.Re8 Kf5 71.Rxe5+ Kxe5  1/2-1/2

[Event "42nd Capablanca Mem Elite"]
[Site "Havana CUB"]
[Date "2007.05.24"]
[Round "6"]
[White "Miton,K"]
[Black "Ivanchuk,V"]
[Result "0-1"]
[WhiteElo "2653"]
[BlackElo "2729"]

1.d4 Nf6 2.c4 g6 3.Nc3 d5 4.cxd5 Nxd5 5.e4 Nxc3 6.bxc3 Bg7 7.Qa4+ Nd7 8.Nf3 O-O
9.Be2 c5 10.O-O cxd4 11.cxd4 Nc5 12.Qc2 Ne6 13.Be3 Nxd4 14.Nxd4 Bxd4 15.Rad1 e5
16.Bxd4 exd4 17.Qb2 Be6 18.Qxb7 Qb6 19.Qxb6 axb6 20.Rxd4 Rxa2 21.Bb5 Rc8
22.Rb1 Rcc2 23.Bf1 Kg7 24.Rdb4 Rxf2 25.Rxb6 h5 26.Rc6 h4 27.Rc3 Kf6 28.Re1 Ke5
29.Rce3 h3 30.gxh3 Rxh2 31.Rg3 Rhb2 32.Rg2 Rb4 33.Rxa2 Bxa2 34.Bg2 Rb1 35.Rxb1 Bxb1
36.Kf2 Bxe4 37.Bf1 Kf4 38.Be2 g5 39.Bc4 f6 40.Be2 Bf5 41.Bf1 Be6 42.Bg2 f5
43.Bf1 Ke5 44.Bg2 f4 45.Bf1 Ke4 46.Bg2+ Kf5 47.Bf3 Ke5  0-1

[Event "Capo d'Orso"]
[Site "Porto Mannu PAL"]
[Date "2007.05.24"]
[Round "7"]
[White "Brugo,M"]
[Black "Baldi,G"]
[Result "1-0"]
[WhiteElo "2125"]
[BlackElo "1678"]

1.d4 Nf6 2.c4 g6 3.Nc3 d5 4.cxd5 Nxd5 5.e4 Nxc3 6.bxc3 Bg7 7.Bc4 c5 8.Be3 Nc6
9.Ne2 O-O 10.O-O Qc7 11.Rc1 Rd8 12.Bf4 e5 13.Bg5 Rd6 14.Bd5 cxd4 15.cxd4 exd4
16.Bf4 Qd7 17.Bxd6 Qxd6 18.Qb3 Qd7 19.Rfd1 Qe7 20.Bxc6 bxc6 21.Nxd4 Qxe4
22.Nxc6 Be6 23.Qb7 Rf8 24.Ne7+ Kh8 25.Qxe4  1-0

[Event "Capo d'Orso"]
[Site "Porto Mannu PAL"]
[Date "2007.05.24"]
[Round "7"]
[White "Rowson,J"]
[Black "Mogranzini,R"]
[Result "1-0"]
[WhiteElo "2594"]
[BlackElo "2421"]

1.d4 Nf6 2.c4 g6 3.Nc3 d5 4.cxd5 Nxd5 5.e4 Nxc3 6.bxc3 Bg7 7.Bc4 O-O 8.Ne2 c5
9.O-O Nc6 10.Be3 Bg4 11.f3 Bd7 12.Rb1 Qc7 13.Bf4 e5 14.dxe5 Nxe5 15.Bd5 Bc6
16.c4 Qa5 17.Bxe5 Bxe5 18.f4 Bg7 19.e5 Rad8 20.Qd3 Bxd5 21.cxd5 c4 22.Qxc4 Rxd5
23.Rxb7 Rd2 24.a4 g5 25.Nd4 Qd8 26.Nc6 Qd3 27.Qxd3 Rxd3 28.f5 g4 29.Rxa7 Bh6
30.Rb7 Be3+ 31.Kh1 Ra8 32.f6 Rc3 33.Ne7+  1-0

[Event "Capo d'Orso"]
[Site "Porto Mannu PAL"]
[Date "2007.05.25"]
[Round "8"]
[White "Mazzariol,O"]
[Black "Schaefer,Mi1"]
[Result "0-1"]
[WhiteElo "2018"]
[BlackElo "2228"]

1.d4 Nf6 2.c4 g6 3.Nc3 d5 4.cxd5 Nxd5 5.e4 Nxc3 6.bxc3 Bg7 7.Bc4 c5 8.Ne2 Nc6
9.Be3 O-O 10.Rc1 cxd4 11.cxd4 Qa5+ 12.Kf1 Qa3 13.Rc3 Qd6 14.h4 Nxd4 15.Nxd4 e5
16.h5 exd4 17.hxg6 hxg6 18.Rd3 Rd8 19.Qc1 Be6 20.Bxe6 Qxe6 21.Qd2 Qxe4 22.f3 Qxe3
23.Rxe3 dxe3 24.Qb4 Rd1+ 25.Ke2 Rxh1 26.Kxe3 b6 27.a4 Bf8 28.Qg4 Re8+ 29.Kd3 Rd1+
30.Kc4 a6 31.f4 Re4+ 32.Kc3 Rdd4 33.g3 Rxa4 34.Qg5 Ra3+ 35.Kb2 Re2+ 36.Kb1 Rf3  0-1

[Event "XXII Felix Cup"]
[Site "Felix Spa ROM"]
[Date "2007.05.27"]
[Round "5"]
[White "Tudor,A"]
[Black "Dinic,Dr"]
[Result "0-1"]
[WhiteElo "2141"]
[BlackElo "2341"]

1.d4 Nf6 2.c4 g6 3.Nc3 d5 4.cxd5 Nxd5 5.e4 Nxc3 6.bxc3 Bg7 7.Nf3 O-O 8.Be3 c5
9.Rb1 b6 10.Qd2 Bb7 11.d5 Nd7 12.c4 Re8 13.Be2 e6 14.O-O Qc7 15.Bf4 e5 16.Bh6 Nf6
17.Bxg7 Kxg7 18.Bd3 Bc8 19.Qc3 Bd7 20.g3 Qd6 21.Kg2 Nh5 22.Nd2 Kg8 23.Be2 Ng7
24.f4 f5 25.Bd3 exf4 26.gxf4 Qe7 27.Rbe1 fxe4 28.Nxe4 Nh5 29.Ng3 Qf6 30.Qxf6 Nxf6
31.h3 Kg7 32.Re5 Rf8 33.f5 g5 34.Kf3 Rae8 35.Rfe1 Rxe5 36.Rxe5 Re8 37.Rxe8 Bxe8
38.Ne4 Nxe4 39.Kxe4 Kf6 40.d6  0-1

[Event "Okie Masters"]
[Site "Tulsa USA"]
[Date "2007.05.27"]
[Round "4"]
[White "Jackson,T"]
[Black "Movsisyan,M"]
[Result "1-0"]
[WhiteElo "2156"]
[BlackElo "2280"]

1.d4 Nf6 2.c4 g6 3.Nc3 d5 4.cxd5 Nxd5 5.e4 Nxc3 6.bxc3 Bg7 7.Be3 c5 8.Qd2 Qa5
9.Rc1 Nc6 10.d5 Ne5 11.c4 Qa3 12.h3 Nd7 13.f4 e5 14.Nf3 exf4 15.Bxf4 O-O
16.Bd3 Re8 17.O-O f6 18.Qc2 Ne5 19.Nxe5 fxe5 20.Bd2 Bd7 21.Rb1 b6 22.Qb3 Qxb3
23.Rxb3 h6 24.Ra3 Bf8 25.Bc2 b5 26.Ra6 g5 27.Rg6+ Kh7 28.Rgf6 Be7 29.Rf7+  1-0

[Event "FSIMB June"]
[Site "Budapest HUN"]
[Date "2007.06.02"]
[Round "1"]
[White "Adams,N"]
[Black "Csapo,Z"]
[Result "1/2-1/2"]
[WhiteElo "2218"]
[BlackElo "2162"]

1.d4 Nf6 2.c4 g6 3.Nc3 d5 4.cxd5 Nxd5 5.e4 Nxc3 6.bxc3 Bg7 7.Nf3 c5 8.Rb1 O-O
9.Qd2 Nd7 10.Be2 b6 11.O-O Nf6 12.Qe3 Bb7 13.d5 e5 14.c4 Ne8 15.a4 Nd6 16.a5 Ba6
17.Nd2 Rb8 18.g3 f5 19.f3 f4 20.Qa3 fxg3 21.hxg3 Bc8 22.Kg2 Qc7 23.Nb3 Ba6
24.axb6 Rxb6 25.Ra1 Bxc4 26.Bxc4 Nxc4 27.Qxc5 Rc8 28.Qxc7 Rxc7 29.Na5 Ra6
30.Nb3 Rb6 31.Na5  1/2-1/2

[Event "FSGM June"]
[Site "Budapest HUN"]
[Date "2007.06.02"]
[Round "1"]
[White "Citak,S"]
[Black "Varadi,V"]
[Result "1/2-1/2"]
[WhiteElo "2358"]
[BlackElo "2408"]

1.d4 Nf6 2.c4 g6 3.Nc3 d5 4.cxd5 Nxd5 5.e4 Nxc3 6.bxc3 Bg7 7.Bc4 c5 8.Ne2 O-O
9.O-O Nc6 10.Be3 Bg4 11.f3 Na5 12.Bd3 cxd4 13.cxd4 Be6 14.d5 Bxa1 15.Qxa1 f6
16.Qd4 Bd7 17.e5 Bf5 18.Bxf5 gxf5 19.e6 Qd6 20.Ng3 Qe5 21.Qxe5 fxe5 22.Bh6 Nc4
23.Bxf8 Rxf8 24.Rb1 b6 25.Kf2 Kg7 26.a4 Kf6 27.Rc1 Nb2 28.Rc7 Nd3+ 29.Kf1 Nf4
30.d6 exd6 31.Rxa7 Kxe6 32.Rxh7 Kd5 33.a5 bxa5 34.Ra7 Ke6 35.Ne2 Nxe2 36.Kxe2 Rb8
37.Rxa5 Rb2+ 38.Kf1 e4 39.g4 fxg4 40.fxe4 Rb4 41.Ke2 Rxe4+ 42.Kd3 Rb4 43.Rg5 d5
44.Rg8 Rb3+ 45.Kd4 Rb4+ 46.Kd3 Rb3+ 47.Kd4 Rb1 48.Kd3 Rd1+ 49.Ke2 Rd4 50.Ke3 Ra4
51.Kd3 Ra3+ 52.Kd4 Ra7 53.Kd3 Kf5 54.Rf8+ Ke5 55.Re8+ Kd6 56.Rg8 Kc5 57.Rxg4 Ra3+
58.Kd2 Ra2+ 59.Kd3 Rxh2 60.Rf4 Rh3+ 61.Kd2  1/2-1/2

[Event "1st Alushta Summer"]
[Site "Alushta UKR"]
[Date "2007.06.03"]
[Round "2"]
[White "Khudiakov,A"]
[Black "Kovalenko,I"]
[Result "0-1"]
[WhiteElo "2182"]
[BlackElo "2359"]

1.d4 Nf6 2.c4 g6 3.Nc3 d5 4.cxd5 Nxd5 5.e4 Nxc3 6.bxc3 Bg7 7.Bc4 c5 8.Ne2 O-O
9.O-O Nc6 10.Be3 Qc7 11.Rc1 Rd8 12.Bf4 Qd7 13.Qb3 Qe8 14.Bb5 cxd4 15.cxd4 Bd7
16.d5 Ne5 17.Bxd7 Qxd7 18.Qg3 Qd6 19.Nd4 Qf6 20.Rc7 Nd7 21.Nf3 Qb6 22.Qh3 Nf6
23.Rxe7 Qb4 24.d6 Nxe4 25.Re1 Nxf2 26.Qh4 Nd3 27.Ng5 Qd4+ 28.R1e3 h6 29.Nxf7 Qa1+
30.Re1 Nxe1 31.Rxe1 Qd4+ 32.Kh1 Kxf7 33.Qe7+ Kg8 34.Qe6+ Kh7 35.Be5 Bxe5
36.Rxe5 Qxd6  0-1

[Event "XV Lasker Mem Open A"]
[Site "Barlinek POL"]
[Date "2007.06.03"]
[Round "2"]
[White "Maliszewski,J"]
[Black "Przezdziecka,E"]
[Result "0-1"]
[WhiteElo "1942"]
[BlackElo "2133"]

1.c4 Nf6 2.Nc3 d5 3.cxd5 Nxd5 4.e4 Nxc3 5.bxc3 g6 6.d4 Bg7 7.Bc4 O-O 8.Ne2 c5
9.O-O Nc6 10.dxc5 Qa5 11.Be3 Ne5 12.Qb3 Ng4 13.Bd4 Qc7 14.f4 e5 15.fxe5 Bxe5
16.Bxe5 Nxe5 17.Bd5 Qxc5+ 18.Nd4 a5 19.a4 Ra6 20.Rab1 Rd6 21.Kh1 b6 22.Rb2 Ba6
23.Rf4 Bc4 24.Bxc4 Qxc4 25.Qxc4 Nxc4 26.Rbf2 Ne5 27.Rf6 Rfd8 28.h3 Kg7 29.Rxd6 Rxd6
30.Kh2 Rd7 31.Rd2 Kf6 32.Kg3 Nc4 33.Rd1 Nb2 34.Ra1 Ke5 35.Ra2 Nc4 36.Kf3 Rc7
37.g4 Nd6 38.Ra3 Nxe4 39.Nb5 Rd7 40.c4 Nd2+ 41.Ke2 Nxc4 42.Rc3 Nd6 43.Rd3 Ke6
44.Nd4+ Kf6 45.Nc6 h5 46.gxh5 gxh5 47.Rd5 h4 48.Rh5 Nf5 49.Rh8 Nd4+ 50.Nxd4 Rxd4
51.Rh6+ Ke5 52.Rxb6 Rxa4 53.Rb3 Ra2+ 54.Kf3 Kf5 55.Rb5+ Kg6 56.Kg4 Ra4+ 57.Kf3 f5
58.Rc5 Kg5 59.Rd5 Ra3+ 60.Kg2 Ra2+ 61.Kf3 a4 62.Rd4 a3 63.Rd8 Rh2 64.Rg8+ Kf6
65.Kf4 Rxh3 66.Ra8 Ke6 67.Ra6+ Kd5 68.Kxf5 Rb3 69.Ra5+ Kc6 70.Ra6+ Kb5 71.Ra8 h3
72.Rb8+ Kc4 73.Rc8+ Kd3 74.Kg4 Kd2 75.Rf8 Rd3 76.Rf2+ Kc3 77.Ra2 Kb3 78.Rh2 a2
79.Rh1 Rc3  0-1

[Event "35th World Open"]
[Site "King of Prussia USA"]
[Date "2007.06.03"]
[Round "6"]
[White "Stocek,J"]
[Black "Howell,D"]
[Result "1-0"]
[WhiteElo "2567"]
[BlackElo "2518"]

1.d4 Nf6 2.c4 g6 3.Nc3 d5 4.cxd5 Nxd5 5.e4 Nxc3 6.bxc3 Bg7 7.Bb5+ c6 8.Ba4 O-O
9.Ne2 b5 10.Bb3 a5 11.O-O c5 12.Rb1 e6 13.Be3 Ba6 14.d5 a4 15.Bc2 exd5 16.Re1 Re8
17.exd5 Nd7 18.c4 b4 19.Bxa4 Bxc4 20.Qc2 Rxe3 21.fxe3 Ne5 22.Bb3 Bd3 23.Qxc5 Bxb1
24.Rxb1 Bf8 25.Qd4 Bd6 26.Rf1 Qe7 27.h3 Bc5 28.Qe4 Qg5 29.Nd4 Re8 30.d6 Rf8
31.d7 Qe7 32.Ne6 Nxd7 33.Nxc5 Qxc5 34.Rxf7 Rxf7 35.Qe8+ Kg7 36.Qxf7+ Kh6
37.Qxd7 Qxe3+ 38.Kf1 Qf4+ 39.Ke2 Qe4+ 40.Kd1 Qb1+ 41.Kd2 Qb2+ 42.Ke1 Qe5+
43.Kd1 Qa1+ 44.Kc2 Qc3+ 45.Kb1 Qe1+ 46.Qd1 Qe4+ 47.Qc2 Qd4 48.Qc1+ g5 49.Qe1  1-0

[Event "7th ch-Euro Senior"]
[Site "Hockenheim GER"]
[Date "2007.06.06"]
[Round "5"]
[White "Dydy,K"]
[Black "Lein,Ma"]
[Result "1-0"]
[WhiteElo "2127"]
[BlackElo "2017"]

1.d4 Nf6 2.c4 g6 3.Nc3 d5 4.cxd5 Nxd5 5.e4 Nxc3 6.bxc3 Bg7 7.Nf3 c5 8.Bc4 O-O
9.h3 Nc6 10.Be3 Qa5 11.Qd2 cxd4 12.cxd4 Qxd2+ 13.Kxd2 Rd8 14.Rad1 Na5 15.Bb5 Bd7
16.Be2 Bc6 17.Bd3 b6 18.Rc1 Rac8 19.Ba6 Bb7 20.Bxb7 Nxb7 21.Rxc8 Rxc8 22.Rc1 Rxc1
23.Kxc1 Nd6 24.Nd2 Nb5 25.e5 Nc3 26.a3 Nd5 27.Kc2 Nxe3+ 28.fxe3 f6 29.exf6 Bxf6
30.Kd3 Kf7 31.a4 Ke6 32.Ne4 a6 33.Kc4 h6 34.Nc3 Kd7 35.Nd5 Kc6 36.Nb4+ Kb7
37.Kd5 Bh4 38.Ke6 a5 39.Nc2 b5 40.axb5 Kb6 41.Na3 Bf2 42.Kxe7 Bxe3 43.Nc4+ Kxb5
44.Nxe3 a4 45.d5  1-0

[Event "29th Mem Nezhmetdinov"]
[Site "Kazan RUS"]
[Date "2007.06.06"]
[Round "6"]
[White "Demianjuk,A"]
[Black "Yandemirov,V"]
[Result "1-0"]
[WhiteElo "2316"]
[BlackElo "2515"]

1.d4 Nf6 2.c4 g6 3.Nc3 d5 4.cxd5 Nxd5 5.e4 Nxc3 6.bxc3 Bg7 7.Nf3 c5 8.Rb1 O-O
9.Be2 Nc6 10.d5 Ne5 11.Nxe5 Bxe5 12.Qd2 e6 13.f4 Bg7 14.c4 Qe8 15.O-O exd5
16.exd5 b6 17.Bd3 Bf5 18.Bxf5 gxf5 19.Bb2 Qd7 20.Bxg7 Kxg7 21.Qc3+ f6 22.Rbe1 Rfe8
23.Qa3 Kf7 24.Qf3 Rad8 25.Qh5+ Kg7 26.h3 a6 27.a4 Qxa4 28.Re6 Rxe6 29.dxe6 Qe8
30.Qxf5 Qe7 31.Qg4+ Kh8 32.Ra1 b5 33.Rxa6 bxc4 34.Ra4 c3 35.Rc4 Rd5 36.Rxc3 f5
37.Qe2 Kg7 38.Re3 h5 39.Rg3+  1-0

[Event "7th ch-Euro Senior"]
[Site "Hockenheim GER"]
[Date "2007.06.07"]
[Round "6"]
[White "Murey,J"]
[Black "Tseitlin,Ma"]
[Result "1-0"]
[WhiteElo "2433"]
[BlackElo "2491"]

1.d4 Nf6 2.c4 g6 3.Nc3 d5 4.cxd5 Nxd5 5.e4 Nxc3 6.bxc3 Bg7 7.Bc4 c5 8.Ne2 Nc6
9.Be3 O-O 10.O-O Bg4 11.f3 Bd7 12.Rb1 Rc8 13.dxc5 Qc7 14.Nd4 Na5 15.Bb5 Rfd8
16.Qa4 e5 17.Nb3 Nc6 18.Rfd1 a6 19.Bxc6 Bxc6 20.Qa5 Qe7 21.Qb6 Bf8 22.Na5 Rxd1+
23.Rxd1 Qe6 24.Nxc6 Qxc6 25.Qxc6 Rxc6 26.Rd5 f6 27.Kf2 Rc7 28.Ke2 Kf7 29.Kd3 Be7
30.a4 Ke6 31.Kc4 h5 32.g3 Rc8 33.f4 Rc7 34.Kb4 Rc8 35.a5 h4 36.g4 exf4 37.Bxf4 h3
38.Bd6 Rh8 39.Bg3 Rc8 40.c4 Rc6 41.Bf2 Rc8 42.Rd3 Rh8 43.Ka4 Rc8 44.Rxh3 Bxc5
45.Bxc5 Rxc5 46.Kb4 Re5 47.Rh7 Rxe4 48.Rxb7 Rxg4 49.Rb6+ Ke5 50.Rxa6 Rh4
51.Ra8 Rxh2 52.a6 Ra2 53.a7 Kf4 54.c5 Rb2+ 55.Kc4 Rb7 56.c6 Rg7 57.Kc5 g5
58.Kb6 g4 59.Rd8  1-0

[Event "7th ch-Euro Senior"]
[Site "Hockenheim GER"]
[Date "2007.06.07"]
[Round "6"]
[White "Farago,I"]
[Black "Rosino,A"]
[Result "1-0"]
[WhiteElo "2501"]
[BlackElo "2275"]

1.d4 Nf6 2.c4 g6 3.Nc3 d5 4.cxd5 Nxd5 5.e4 Nxc3 6.bxc3 Bg7 7.Bg5 c5 8.Rc1 cxd4
9.cxd4 O-O 10.Nf3 Bg4 11.d5 Qd6 12.Be2 h6 13.Be3 Qb4+ 14.Nd2 Bxe2 15.Qxe2 Nd7
16.O-O Rfc8 17.Rb1 Qa4 18.Rxb7 Rc2 19.Qd1 Nf6 20.a3 Rac8 21.Rxa7 Qb5 22.Rxe7 Qd3
23.Nf3 Qxd1 24.Rxd1 Bf8 25.Ra7 Nxe4 26.g3 Ra2 27.a4 Rcc2 28.Ra8 Kg7 29.Rxf8 Kxf8
30.d6  1-0

[Event "FSGM June"]
[Site "Budapest HUN"]
[Date "2007.06.09"]
[Round "8"]
[White "Erdos,V"]
[Black "Varadi,V"]
[Result "1-0"]
[WhiteElo "2518"]
[BlackElo "2408"]

1.d4 Nf6 2.c4 g6 3.Nc3 d5 4.cxd5 Nxd5 5.e4 Nxc3 6.bxc3 Bg7 7.Bc4 c5 8.Ne2 O-O
9.O-O Nc6 10.Be3 Bd7 11.Rb1 Qc7 12.Qd2 a6 13.Bd3 Rfd8 14.Rfc1 b5 15.d5 Ne5
16.c4 b4 17.Ng3 a5 18.Be2 Ng4 19.Bxg4 Bxg4 20.f4 Bd7 21.Qf2 Rdc8 22.e5 a4
23.Rb2 a3 24.Rb3 Ba4 25.Rd3 Bd7 26.Rb3 Ba4 27.Rd3 Bd7 28.h3 Ra5 29.Nf1 g5
30.Re1 Bf5 31.Rb3 gxf4 32.Bxf4 Bg6 33.Ng3 e6 34.d6 Qc6 35.h4 f6 36.h5 fxe5
37.Bxe5 Rf8 38.Qd2 Bxe5 39.Rxe5 Be8 40.Qh6 Rf7 41.Ne4 Raa7 42.Rg5+ Rg7 43.Nf6+  1-0

[Event "FSGM June"]
[Site "Budapest HUN"]
[Date "2007.06.11"]
[Round "10"]
[White "Berczes,D"]
[Black "Varadi,V"]
[Result "1/2-1/2"]
[WhiteElo "2442"]
[BlackElo "2408"]

1.d4 Nf6 2.c4 g6 3.Nc3 d5 4.cxd5 Nxd5 5.e4 Nxc3 6.bxc3 Bg7 7.Bc4 c5 8.Ne2 O-O
9.O-O Nc6 10.Be3 Bd7 11.Rb1 Qc7 12.Bf4 Qc8 13.Rc1 b6 14.Qd2 Na5 15.Bd3 Qb7
16.Bh6 cxd4 17.Bxg7 Kxg7 18.cxd4 Rac8 19.d5 e6 20.Qb2+ Kg8 21.Nf4 Rxc1 22.Rxc1 Rc8
23.Rxc8+ Qxc8 24.h4 Qc7 25.dxe6 Bxe6 26.Nxe6 fxe6 27.Qf6 Qd7 28.Be2 Nb7 29.h5 gxh5
30.Bc4 Nc5 31.Qg5+ Kf8 32.Qf6+ Qf7 33.Qd8+ Kg7 34.Qg5+ Qg6 35.Qe7+ Qf7 36.Qg5+ Kf8
37.Qd8+ Kg7  1/2-1/2

[Event "1st Alushta Summer"]
[Site "Alushta UKR"]
[Date "2007.06.12"]
[Round "13"]
[White "Lazarov,A RUS"]
[Black "Shishkin,Va UKR"]
[Result "0-1"]
[WhiteElo "2345"]
[BlackElo "2515"]

1.d4 Nf6 2.c4 g6 3.Nc3 d5 4.cxd5 Nxd5 5.e4 Nxc3 6.bxc3 Bg7 7.Be3 c5 8.Qd2 O-O
9.Rc1 Qa5 10.Nf3 Rd8 11.d5 e6 12.c4 Qxd2+ 13.Nxd2 b6 14.h4 f5 15.f3 Nd7 16.Be2 Re8
17.h5 Bb7 18.hxg6 hxg6 19.Kf2 fxe4 20.Nxe4 exd5 21.cxd5 Re5 22.Rcd1 Rf8 23.Ng5 Nf6
24.Rh4 Rfe8 25.Ne6 Rxe3 26.Bb5 Nxd5 27.Nxg7 Kxg7 28.Bxe8 Rxe8 29.Re4 Rc8
30.Re5 c4 31.Rexd5 Bxd5 32.Rxd5 c3 33.Rd1 b5 34.Ke2 Kf6 35.Rb1 c2 36.Rc1 Ke5
37.g3 Rc3 38.f4+ Ke4 39.Kd2 Rxg3 40.Kxc2 Kxf4 41.Kb2 a5 42.Rc8 Re3 43.Rf8+ Kg4
44.Ra8 a4 45.Rb8 Re5 46.Kc3 g5  0-1

[Event "11th Master Open"]
[Site "Voronezh RUS"]
[Date "2007.06.16"]
[Round "5"]
[White "Lutsko,I"]
[Black "Yandemirov,V"]
[Result "0-1"]
[WhiteElo "2417"]
[BlackElo "2515"]

1.d4 Nf6 2.c4 g6 3.Nc3 d5 4.cxd5 Nxd5 5.e4 Nxc3 6.bxc3 Bg7 7.Bc4 O-O 8.Ne2 Nc6
9.Bg5 Qd7 10.O-O Na5 11.Bd3 b6 12.Qd2 Re8 13.Bh6 Bh8 14.Rad1 Bb7 15.Ng3 c5
16.d5 e6 17.c4 exd5 18.cxd5 c4 19.Bc2 c3 20.Qe2 b5 21.f4 Nc4 22.d6 Qc6 23.e5 Rad8
24.Be4 Qb6+ 25.Rf2 Nxd6 26.Rxd6 Rxd6 27.exd6 Bd4 28.d7 Re7 29.f5 Bxf2+ 30.Qxf2 Qxf2+
31.Kxf2 Rxd7 32.Ke2 b4 33.Bxb7 Rxb7 34.Kd3 Rb5 35.Kc4 Ra5 36.Kxb4 Rxa2 37.Ne4 Rxg2
38.Nf6+ Kh8 39.Bf4 c2 40.Kb3 Rxh2 41.Kb2 Rf2 42.Be5 Rxf5 43.Ng4+ Rxe5 44.Nxe5 Kg7
45.Kxc2 h5  0-1

[Event "III Perla Baltyku A"]
[Site "Mielno POL"]
[Date "2007.06.19"]
[Round "2"]
[White "Kanarek,M"]
[Black "Owczarzak,J"]
[Result "1/2-1/2"]
[WhiteElo "2225"]
[BlackElo "2389"]

1.c4 Nf6 2.d4 g6 3.Nc3 d5 4.cxd5 Nxd5 5.e4 Nxc3 6.bxc3 Bg7 7.Qa4+ Qd7 8.Qb3 O-O
9.Nf3 b6 10.Be3 Bb7 11.Bd3 c5 12.O-O cxd4 13.cxd4 Nc6 14.Rad1 Na5 15.Qb1 Rac8
16.Rc1 Rxc1 17.Rxc1 Rc8 18.h4 Rxc1+ 19.Qxc1 Qc8 20.Qf1 Qg4 21.Qc1 Qc8 22.Qf1 Qg4
23.Qc1 Qc8  1/2-1/2

[Event "III Perla Baltyku A"]
[Site "Mielno POL"]
[Date "2007.06.19"]
[Round "2"]
[White "Reshetnikov,E"]
[Black "Schmidt,Wl"]
[Result "1/2-1/2"]
[WhiteElo "2302"]
[BlackElo "2415"]

1.d4 Nf6 2.c4 g6 3.Nc3 d5 4.cxd5 Nxd5 5.e4 Nxc3 6.bxc3 Bg7 7.Nf3 c5 8.Rb1 O-O
9.Be2 cxd4 10.cxd4 Qa5+ 11.Bd2 Qxa2 12.O-O Bg4 13.Bg5 h6 14.Be3 Nc6 15.d5 Bxf3
16.Bxf3 Ne5 17.Rxb7 a5 18.Bc5 a4 19.Bxe7 Rfb8 20.Rxb8+ Rxb8 21.d6 Qe6 22.Qxa4 Nxf3+
23.gxf3 Be5 24.Kg2 Bxd6 25.Bxd6 Qxd6 26.Rd1 Qf4 27.Qa5 Rb3 28.Qd8+ Kh7 29.Rd3 Rb5
30.h4 Rh5 31.Qe7 Rb5 32.Qd8  1/2-1/2